1527 1750 1300 1944 1146 1164 1708 1722 1026 1635 1697 1317 1706 1118 1835 1758 1535 1335 1607 1628 1853 1747 1482 1348 1187 1582 1029 1663 1865 1176 1610 1061 1442 1981 1677 1801 1401 1090 1014 1391 1422 1085 1873 1185 1530 1437 1296 1284 1897 1786 1874 1102 1132 1157 1631 1348 1522 1503 1183 1132 1050 1852 1069 1084 1401 1538 1455 1549 1833 1735 1255 1516 1517 1173 1709 1413 1876 1105 1401 1911 1059 1077 1089 1102 1333 1386 1920 1367 1923 1137 1846 1390 1815 1667 1685 1018 1026 1259 1723 BCNSPRNW ULIB Ver.6.0+V

เปลี่ยนเป็นภาษาไทย

Change to English
 แสดงรายละเอียดบรรณานุกรม
  กลับหน้าหลัก

Brief Record : Get Marc (ISO 2709) : E-mail record : QR code < ปิดหน้าต่าง
LEADER : 00000nam 2200000uu 4500
001    13399110560
003     ULIB
008    110602s2547||||th 000 0 tha d
020    9749213831
050  4 BQ4190^bค167ห 2547
100 0  ครูไวทย์ สันตยารมณ์
245 10 วรรณกรรมสำหรับผู้สูงอายุ เล่มที่ 2 ต่อจากเรื่องเวลาที่เหลือเพื่อความดีงาม เรื่องพระจันทร์ พ้นจากเมฆ /^cครูไวทย์ สันตยารมณ์
260    กรุงเทพฯ :^bบ้านครูไวทย์,^c2547
300    111 หน้า ;^c22 ซม.
650  7 ธรรมะ
650  7 นวนิยายอิงธรรม
650  7 ธรรม^vรวมเรื่อง
945    ^p130^l0^i030126
945    ^p130^l0^i030124
945    ^p130^l0^i030125
995    เกษร
999     ^aใช้งานได้ทุกระบบ
รายการนี้ยังไม่มีแท็ก
คุณยังไม่ได้ล็อกอิน คุณสามารถมีกิจกรรมร่วมกับเว็บไซต์ได้ แต่ต้องล็อกอินก่อน ::
  ล็อกอิน

รายการสื่อสารสนเทศ

ลำดับที่ ประเภท เลขเรียก/บาร์โค้ด สถานที่ สถานะ
- ไม่พบข้อมูล -

รายการใกล้เคียง
    ผู้แต่ง [ครูไวทย์ สันตยารมณ์]

    หัวเรื่อง [ธรรมะ]
    หัวเรื่อง [นวนิยายอิงธรรม]

BibComment


ยังไม่เคยถูกคอมเมนท์

คอมเมนท์ทรัพยากรรายการนี้
  คอมเมนท์: วรรณกรรมสำหรับผู้..


 Copyright 2026. Bcnsprnw @Library